Jiu Jitsu Submissions - Statistics

General Stats
  • This quiz has been taken 331 times
  • The average score is 11 of 22
Answer Stats
Picture Answer % Correct
Guillotine
90%
Rear Naked Choke
90%
Armbar
88%
D'arce choke
79%
Kimura
74%
American
69%
Anaconda Choke
68%
Kneebar
61%
Heel Hook
59%
Twister
56%
Omoplata
51%
Straight Ankle Lock
51%
Ezekiel
46%
Gogoplata
41%
Bulldog
40%
Bow and Arrow
39%
Neck Crank
28%
Inverted Triangle
24%
Rear Triangle
9%
Inverted Armbar
7%
Front Triangle
6%
Brabo Choke
3%
No matching quizzes found
Score Distribution
Percent of People with Each Score
Percentile by Number Answered
Your Score History
You have not taken this quiz